|
|
|
|
| LEADER |
00000cab a2200000 a 4500 |
| 001 |
034656 |
| 003 |
UAHC_CL |
| 005 |
20170803123755.0 |
| 008 |
060109b xx j 000 1 spa |
| 040 |
|
|
|a UAHC_CL
|c UAHC_CL
|d UAHC_CL
|
| 100 |
1 |
|
|a Hidalgo, María Victoria
|
| 245 |
1 |
3 |
|a La pareja ante la llegada de hijos o hijas. Evolución de la relación conyugal durante el proceso de convertirse en padre y madre /
|c María Victoria Hidalgo, Susana Menéndez.
|
| 500 |
|
|
|a Infancia y aprendizaje (España). 2003, vol. 26, (4). pp. 469-484
|
| 500 |
|
|
|a Infancia y aprendizaje (España). 2003, vol. 26, (4). pp. 469-484
|
| 520 |
|
|
|a En este artículo se presentan datos del seguimiento longitudinal realizado a 96 mujeres y hombres durante su transmisión a la maternidad y la paternidad. Los resultados muestran, en tendencias centrales, un cierto deterioro de la relación conyugal tras la llegada de un bebe, y al mismo tiempo, que existe una importante variabilidad entre los procesos experimentados por unas parejas y otras. El apoyo emocional recibido del cónyuge, la implicación paterna en las tareas de cuidado del bebe y la satisfacción con el reparto de tareas domesticas parecen ser los factores que explican -en distinta medida para hombres y mujeres- las diferencias existentes en la evolución de las relaciones conyugales durante la transición a la paternidad y la maternidad.
|
| 520 |
|
|
|a En este artículo se presentan datos del seguimiento longitudinal realizado a 96 mujeres y hombres durante su transmisión a la maternidad y la paternidad. Los resultados muestran, en tendencias centrales, un cierto deterioro de la relación conyugal tras la llegada de un bebe, y al mismo tiempo, que existe una importante variabilidad entre los procesos experimentados por unas parejas y otras. El apoyo emocional recibido del cónyuge, la implicación paterna en las tareas de cuidado del bebe y la satisfacción con el reparto de tareas domesticas parecen ser los factores que explican -en distinta medida para hombres y mujeres- las diferencias existentes en la evolución de las relaciones conyugales durante la transición a la paternidad y la maternidad.
|
| 700 |
1 |
|
|a Menéndez, Susana
|
| 700 |
1 |
|
|a Menéndez, Susana
|
| 759 |
|
|
|a PP080
|
| 773 |
0 |
|
|t Infancia y aprendizaje : journal of study of education and development.
|w 034546
|
| 900 |
|
|
|a INFANC. APRENDIZAJE-26(04)/03
|
| 942 |
|
|
|c REVA
|
| 952 |
|
|
|0 0
|1 0
|2 ddc
|4 0
|6 INFANC___APRENDIZAJE2604_03_000000000000000
|7 0
|8 COMP
|9 66001
|a BC
|b BC
|c General
|d 2017-08-03
|l 0
|o INFANC. APRENDIZAJE-26(04)/03
|r 2018-01-23 00:00:00
|w 2017-08-03
|y REVA
|
| 999 |
|
|
|c 34656
|d 34656
|